[Event "Porto Mannu Open 2009"]
[Site "Palau"]
[Date "2009.05.20"]
[Round "6.15"]
[White "Miedema, Roi"]
[Black "Beccaris, Gabriele"]
[Result "1-0"]
[WhiteElo "2370"]
[BlackElo "2048"]
[PlyCount "55"]
[EventDate "2009.05.16"]

1. d4 Nf6 2. c4 e6 3. Nc3 Bb4 4. Qc2 b6 5. e4 Bxc3+ 6. bxc3 d6 7. Bd3 e5 8. Ne2
O-O 9. O-O Ba6 10. Bg5 Nbd7 11. f4 Qe8 12. fxe5 dxe5 13. Rf5 Qe6 14. Bxf6 gxf6
15. Raf1 Bxc4 16. d5 Bxd3 17. Qxd3 Qd6 18. Rh5 Rfe8 19. Qg3+ Kf8 20. Rxh7 Ke7
21. Qg7 Rf8 22. Ng3 Qc5+ 23. Kh1 Kd8 24. Rh8 Re8 25. Rxf6 Nxf6 26. Qxf6+ Qe7
27. Rxe8+ Kxe8 28. Qc6+ 1-0

[Event "Porto Mannu Open 2009"]
[Site "Palau"]
[Date "2009.05.20"]
[Round "6.16"]
[White "Peat, Matthew"]
[Black "Van Eijk, Sander"]
[Result "0-1"]
[WhiteElo "2075"]
[BlackElo "2319"]
[PlyCount "36"]
[EventDate "2009.05.16"]

1. c4 c5 2. g3 g6 3. Bg2 Bg7 4. Nc3 Nc6 5. a3 d6 6. Rb1 a5 7. Nf3 e5 8. O-O
Nge7 9. d3 O-O 10. Ne1 Be6 11. Nd5 Rb8 12. Nc2 b5 13. Nce3 f5 14. f4 bxc4 15.
Nxe7+ Nxe7 16. Nxc4 e4 17. Qa4 d5 18. Nxa5 Bd7 0-1

[Event "Porto Mannu Open 2009"]
[Site "Palau"]
[Date "2009.05.20"]
[Round "6.19"]
[White "Drei, Andrea"]
[Black "Mastroddi, Emiliano"]
[Result "0-1"]
[WhiteElo "2278"]
[BlackElo "2074"]
[PlyCount "80"]
[EventDate "2009.05.16"]

1. e4 c5 2. Nc3 d6 3. f4 Nc6 4. Nf3 g6 5. Bb5 Bd7 6. O-O Bg7 7. Bxc6 Bxc6 8. d3
e6 9. Be3 Ne7 10. d4 b6 11. Qd2 O-O 12. Rad1 Qc7 13. f5 exf5 14. d5 fxe4 15.
dxc6 exf3 16. Bh6 Bd4+ 17. Kh1 fxg2+ 18. Qxg2 Qxc6 19. Ne4 f5 20. Bxf8 Rxf8 21.
c3 Qxe4 22. cxd4 c4 23. d5 Qxg2+ 24. Kxg2 f4 25. Kh3 Rf5 26. Rd4 Nxd5 27. Rf3
b5 28. Rf2 h5 29. a4 a6 30. axb5 axb5 31. Rf1 g5 32. Ra1 Ne3 33. Rd2 d5 34. b4
c3 35. Rda2 Kf7 36. Ra7+ Ke6 37. R7a6+ Ke7 38. Ra7+ Kd6 39. R1a6+ Ke5 40. Re7+
Kd4 0-1

[Event "Porto Mannu Open 2009"]
[Site "Palau"]
[Date "2009.05.20"]
[Round "6.21"]
[White "Cavatorta, Fosco"]
[Black "Sbarra, Marco"]
[Result "0-1"]
[WhiteElo "1957"]
[BlackElo "2232"]
[PlyCount "54"]
[EventDate "2009.05.16"]

1. d4 Nf6 2. Nf3 d5 3. e3 g6 4. c4 Bg7 5. Nc3 O-O 6. cxd5 Nxd5 7. Bc4 Nxc3 8.
bxc3 c5 9. O-O Qc7 10. Qe2 Nc6 11. a4 Na5 12. Ba2 Bd7 13. Bd2 Rac8 14. Ng5 e5
15. Rfc1 c4 16. Rd1 Bxa4 17. Rdb1 b5 18. Bc1 exd4 19. exd4 Rfe8 20. Be3 Nb3 21.
Bxb3 cxb3 22. Rc1 Bxd4 23. Nxf7 Bxe3 24. fxe3 Qxf7 25. Rf1 Qe6 26. Rf3 Rxc3 27.
Raf1 Rxe3 0-1

[Event "Porto Mannu Open 2009"]
[Site "Palau"]
[Date "2009.05.20"]
[Round "6.28"]
[White "Danieli, Enrico"]
[Black "Moratto, Davide"]
[Result "1-0"]
[WhiteElo "2125"]
[BlackElo "1851"]
[PlyCount "97"]
[EventDate "2009.05.16"]

1. d4 Nf6 2. Nf3 g6 3. Nc3 d5 4. Bg5 Bg7 5. Bxf6 exf6 6. e4 c6 7. exd5 cxd5 8.
Bb5+ Nc6 9. O-O O-O 10. h3 Qd6 11. Re1 Be6 12. Bxc6 Qxc6 13. Qd2 Rac8 14. Re2
Rc7 15. Ne1 Rfc8 16. Nd1 h5 17. c3 Kh7 18. Qf4 Bf5 19. f3 Bh6 20. Qh4 Bg5 21.
Qf2 Re8 22. g4 hxg4 23. hxg4 Rxe2 24. Qxe2 Bc8 25. Nd3 Kg8 26. N1f2 Qd6 27.
Qe8+ Kg7 28. Kg2 Be6 29. Rh1 Rc8 30. Qa4 a6 31. Qb4 Qxb4 32. Nxb4 f5 33. gxf5
Bxf5 34. Re1 Be6 35. Nbd3 b6 36. Nh3 Bf6 37. Nhf4 Bf5 38. Nb4 Bg5 39. Nbxd5
Bxf4 40. Nxf4 b5 41. a3 g5 42. Re5 Kh6 43. Rxf5 gxf4 44. Rxf4 Kg6 45. d5 f5 46.
Rd4 Kf6 47. d6 Ke6 48. d7 Rd8 49. Kg3 1-0

[Event "Porto Mannu Open 2009"]
[Site "Palau"]
[Date "2009.05.20"]
[Round "6.29"]
[White "Diotallevi, Maurizio"]
[Black "Fernandez Vazquez, Jorge"]
[Result "1/2-1/2"]
[WhiteElo "2093"]
[BlackElo "1810"]
[PlyCount "24"]
[EventDate "2009.05.16"]

1. d4 Nf6 2. Nf3 d5 3. c4 c6 4. Nc3 a6 5. cxd5 cxd5 6. Bf4 Nc6 7. e3 Bf5 8. Bd3
Bxd3 9. Qxd3 e6 10. O-O Bd6 11. Bxd6 Qxd6 12. a3 b5 1/2-1/2

[Event "Porto Mannu Open 2009"]
[Site "Palau"]
[Date "2009.05.20"]
[Round "6.30"]
[White "Daly, Patrick"]
[Black "Vita, Fabrizio"]
[Result "0-1"]
[WhiteElo "1800"]
[BlackElo "2084"]
[PlyCount "78"]
[EventDate "2009.05.16"]

1. d4 Nf6 2. Nc3 d5 3. Bg5 g6 4. Nf3 Bg7 5. e3 O-O 6. Be2 b6 7. h4 Bb7 8. Ne5
c5 9. h5 Nc6 10. Nxc6 Bxc6 11. hxg6 hxg6 12. Bg4 Re8 13. Qf3 e5 14. O-O-O cxd4
15. exd4 e4 16. Qh3 Qd6 17. Bh6 Nxg4 18. Qxg4 Bh8 19. Bf4 Qf6 20. Be5 Rxe5 21.
dxe5 Qxe5 22. Rh3 b5 23. Rxh8+ Kxh8 24. Rh1+ Kg8 25. Qh4 g5 26. Qh7+ Kf8 27.
Qh8+ Qxh8 28. Rxh8+ Ke7 29. Rxa8 Bxa8 30. Nxb5 a5 31. Kd2 Bc6 32. Nd4 Kd6 33.
Ke3 g4 34. Nb3 a4 35. Nd4 a3 36. b3 Bd7 37. Ne2 Ke5 38. g3 f5 39. f4+ exf3 0-1

[Event "Porto Mannu Open 2009"]
[Site "Palau"]
[Date "2009.05.20"]
[Round "6.12"]
[White "Cori, T. Deysi"]
[Black "Byron, Alan"]
[Result "1-0"]
[WhiteElo "2262"]
[BlackElo "2168"]
[PlyCount "97"]
[EventDate "2009.05.16"]

1. d4 d5 2. Nf3 Nf6 3. c4 e6 4. g3 Bb4+ 5. Bd2 Be7 6. Bg2 c6 7. Qc2 b6 8. b3
Ba6 9. O-O Nbd7 10. Bf4 Rc8 11. Nbd2 O-O 12. e4 c5 13. exd5 exd5 14. Rfe1 b5
15. b4 dxc4 16. dxc5 Nd5 17. a3 Nxf4 18. gxf4 Bf6 19. Rad1 Qc7 20. Ne4 Rce8 21.
c6 Nb8 22. Nxf6+ gxf6 23. Qf5 Bc8 24. Qxf6 Qxc6 25. Rd6 Rxe1+ 26. Nxe1 Qe8 27.
Qg5+ Kh8 28. Qf6+ Kg8 29. Rd5 Qxe1+ 30. Bf1 Qe4 31. Rg5+ Qg6 32. Bg2 Nd7 33.
Qe7 c3 34. Qe3 c2 35. Qc3 Re8 36. Be4 Rxe4 37. Rxg6+ hxg6 38. Qxc8+ Nf8 39.
Qxc2 Rxf4 40. Qc7 Ne6 41. Qb8+ Kg7 42. Qxb5 Rg4+ 43. Kf1 Rd4 44. Qb7 Nf4 45.
Ke1 Nd5 46. Qxa7 Re4+ 47. Kd2 Nf4 48. Qb7 Rd4+ 49. Kc3 1-0

[Event "Porto Mannu Open 2009"]
[Site "Palau"]
[Date "2009.05.20"]
[Round "6.20"]
[White "Lapicki, Raul"]
[Black "Salzano, Guido"]
[Result "1/2-1/2"]
[WhiteElo "2254"]
[BlackElo "1984"]
[PlyCount "120"]
[EventDate "2009.05.16"]

1. e4 c5 2. Nf3 Nc6 3. d4 cxd4 4. Nxd4 Nf6 5. Nc3 e5 6. Ndb5 d6 7. Bg5 a6 8.
Na3 b5 9. Bxf6 gxf6 10. Nd5 Bg7 11. c3 Ne7 12. Nxe7 Qxe7 13. Nc2 f5 14. exf5
Bxf5 15. Ne3 Bg6 16. a4 O-O 17. Be2 Rab8 18. axb5 axb5 19. h4 Kh8 20. h5 Be4
21. h6 Bf6 22. Bf3 Bxf3 23. Qxf3 e4 24. Qd1 Rg8 25. Ra6 Be5 26. Kf1 Rg6 27. Qd5
b4 28. Qxe4 bxc3 29. bxc3 Qb7 30. Qxb7 Rxb7 31. Ra8+ Rg8 32. Rxg8+ Kxg8 33. Rh4
Rc7 34. Ra4 f6 35. c4 Kf7 36. Nf5 Kg6 37. g4 Bf4 38. c5 Bxh6 39. cxd6 Rd7 40.
Ke2 Bf8 41. Kd3 Kf7 42. Ra6 Ke6 43. Ke4 Bxd6 44. f4 Rd8 45. Ra7 Rd7 46. Ra6 Rd8
47. Nd4+ Kf7 48. Ra7+ Kg8 49. Kf5 Bc5 50. Ne6 Rd5+ 51. Ke4 Bxa7 52. Kxd5 Kf7
53. Nd8+ Kg7 54. f5 Be3 55. Ke6 Bc1 56. Nf7 Bb2 57. Nd6 Kf8 58. Ne4 Kg7 59. Ng3
Kh6 60. Nh5 Kg5 1/2-1/2

[Event "Porto Mannu Open 2009"]
[Site "Palau"]
[Date "2009.05.20"]
[Round "6.24"]
[White "Antkowiak, Grzegorz"]
[Black "Grosse Honebrink, Brigitte"]
[Result "1-0"]
[WhiteElo "2197"]
[BlackElo "1927"]
[PlyCount "81"]
[EventDate "2009.05.16"]

1. e4 c5 2. c3 Qa5 3. Nf3 Nc6 4. Be2 d6 5. O-O Nf6 6. d3 e6 7. Bg5 Be7 8. Nbd2
Bd7 9. a3 Qc7 10. Rc1 d5 11. b4 dxe4 12. dxe4 b6 13. Bh4 Rd8 14. Qc2 O-O 15. b5
Ne5 16. Nxe5 Qxe5 17. f4 Qc7 18. Bg3 Qc8 19. c4 Be8 20. e5 Nd7 21. Bd3 f5 22.
exf6 Nxf6 23. Nf3 h6 24. Ne5 Nh5 25. Qe2 Nxg3 26. hxg3 Rd4 27. Bb1 Qd8 28. Qc2
Rf5 29. g4 Rd2 30. Qe4 Rd4 31. Qe3 Rf6 32. g3 Bd6 33. Nf3 Qd7 34. Kg2 Rdxf4 35.
gxf4 Bxf4 36. Qe4 Bxc1 37. Qh7+ Kf8 38. Rxc1 Qf7 39. Rf1 e5 40. Nxe5 Qb7+ 41.
Be4 1-0

[Event "Porto Mannu Open 2009"]
[Site "Palau"]
[Date "2009.05.20"]
[Round "6.2"]
[White "Vocaturo, D. (IM)."]
[Black "Malakhatko, V. (GM)."]
[Result "1-0"]
[WhiteElo "2480"]
[BlackElo "2618"]
[PlyCount "139"]
[EventDate "2009.05.16"]

1. e4 c6 2. d4 d5 3. Nc3 dxe4 4. Nxe4 Bf5 5. Ng3 Bg6 6. h4 h6 7. Nf3 Nd7 8. h5
Bh7 9. Bd3 Bxd3 10. Qxd3 e6 11. Bd2 Ngf6 12. O-O-O Qc7 13. Ne4 O-O-O 14. g3 Nc5
15. Nxc5 Bxc5 16. c4 Bb6 17. Bc3 Rhe8 18. Kb1 Qe7 19. Qe2 c5 20. dxc5 Qxc5 21.
Nd4 a6 22. b4 Qc7 23. a3 Ba7 24. Rd2 Bxd4 25. Rxd4 Rxd4 26. Bxd4 e5 27. Bc3 Qd7
28. Kb2 Qf5 29. Rh4 Qe6 30. Rh1 Nd7 31. c5 Nf6 32. Re1 e4 33. Rc1 Rd8 34. Rd1
Rxd1 35. Qxd1 Ne8 36. Qd4 f6 37. Bd2 Nc7 38. Bf4 Nb5 39. Qd2 Qc4 40. Be3 Qe6
41. Bf4 Qc4 42. Be3 a5 43. bxa5 Kc7 44. Qb4 Qe2+ 45. Kc1 Qd3 46. a4 Na3 47.
Qb6+ Kd7 48. Qd6+ Qxd6 49. cxd6 Nc4 50. Kc2 Kxd6 51. Kc3 Nxe3 52. fxe3 Kc5 53.
Kb3 f5 54. Kc3 Kd5 55. Kb4 Ke6 56. Kc5 g5 57. hxg6 h5 58. Kb6 h4 59. Kxb7 hxg3
60. a6 g2 61. a7 g1=Q 62. a8=Q Qxg6 63. Qc8+ Kd5 64. Qd7+ Kc4 65. a5 f4 66. a6
Kc5 67. a7 Qb6+ 68. Kc8 Qa6+ 69. Kb8 Qb6+ 70. Qb7 1-0

[Event "Porto Mannu Open 2009"]
[Site "Palau"]
[Date "2009.05.20"]
[Round "6.3"]
[White "Marin, M. (GM)."]
[Black "Lemos, D. (GM)."]
[Result "1/2-1/2"]
[WhiteElo "2564"]
[BlackElo "2512"]
[PlyCount "87"]
[EventDate "2009.05.16"]

1. c4 e5 2. g3 Nf6 3. Bg2 d5 4. cxd5 Nxd5 5. Nc3 Nb6 6. Nf3 Nc6 7. O-O Be7 8.
a3 Be6 9. b4 O-O 10. Rb1 f6 11. d3 Nd4 12. Nd2 Nd5 13. Bb2 c6 14. Nxd5 Bxd5 15.
Bxd5+ Qxd5 16. Bxd4 Qxd4 17. Qb3+ Kh8 18. Rfc1 Rad8 19. Rc4 Qd5 20. b5 c5 21.
Ra4 Qxb3 22. Rxb3 Ra8 23. Kg2 Kg8 24. Rc4 Rfd8 25. Kf3 Kf7 26. Rc2 Ke6 27. Nc4
Rd7 28. e4 Rad8 29. Ke2 Rd4 30. Nd2 g6 31. Rc4 Bf8 32. Rbc3 Bd6 33. a4 Be7 34.
Nb3 Rxc4 35. Rxc4 Rc8 36. Rc2 Rc7 37. Na5 Rd7 38. Nc4 Rd4 39. Rc1 Bd6 40. Rg1
Bc7 41. Ra1 Bd8 42. a5 Kd7 43. Ra4 a6 44. b6 1/2-1/2

[Event "Porto Mannu Open 2009"]
[Site "Palau"]
[Date "2009.05.20"]
[Round "6.4"]
[White "D'Amore, C. (IM)."]
[Black "Pelletier, Y. (GM)."]
[Result "1/2-1/2"]
[WhiteElo "2483"]
[BlackElo "2559"]
[PlyCount "43"]
[EventDate "2009.05.16"]

1. Nf3 d5 2. g3 c6 3. Bg2 Bg4 4. d3 Nd7 5. Nbd2 e5 6. e4 dxe4 7. dxe4 Ngf6 8.
h3 Bh5 9. O-O $2 Bc5 10. c3 a5 11. a4 O-O $2 12. Qc2 Bxf3 13. Bxf3 Qc7 14. Kg2
Rfe8 15. Bg4 Rad8 16. Nc4 h6 17. Rd1 Nf8 18. Rxd8 Rxd8 19. Be2 Ne6 20. Bg4 Nf8
21. Be2 Ne6 22. Bg4 1/2-1/2

[Event "Porto Mannu Open 2009"]
[Site "Palau"]
[Date "2009.05.20"]
[Round "6.5"]
[White "Hillarp Persson, T. (GM)."]
[Black "Messina, G.O."]
[Result "1-0"]
[WhiteElo "2618"]
[BlackElo "2062"]
[PlyCount "61"]
[EventDate "2009.05.16"]

1. d4 Nf6 2. c4 c6 3. Nf3 d5 4. Nc3 e6 5. Bg5 h6 6. Bh4 Be7 7. e3 Nbd7 8. Rc1
O-O 9. Bd3 dxc4 10. Bxc4 Nd5 11. Bg3 N7b6 12. Bb3 Nxc3 13. bxc3 Ba3 14. Rb1 Nd5
15. Bc2 g6 16. Rb3 Qe7 17. e4 Nxc3 18. Rxc3 Bb4 19. Qd3 f5 20. exf5 exf5+ 21.
Be5 c5 22. O-O Bxc3 23. Qxc3 cxd4 24. Bxd4 Be6 25. Qe3 Rfe8 26. Re1 Qf8 27. Qe5
Kh7 28. Re3 f4 29. Qh5 Bf7 30. Bxg6+ Kg8 31. Ng5 1-0

[Event "Porto Mannu Open 2009"]
[Site "Palau"]
[Date "2009.05.20"]
[Round "6.6"]
[White "Korneev, O. (GM)."]
[Black "Cori, J. (FM)."]
[Result "1-0"]
[WhiteElo "2587"]
[BlackElo "2418"]
[PlyCount "101"]
[EventDate "2009.05.16"]

1. e4 e5 2. Nf3 Nc6 3. Bc4 Nf6 4. d3 Be7 5. O-O O-O 6. Re1 d6 7. a4 Be6 8. Nbd2
Nd7 9. c3 Bxc4 10. Nxc4 Nb6 11. Ne3 Bf6 12. a5 Nd7 13. a6 b6 14. Qa4 Ne7 15.
Ng4 Nc5 16. Nxf6+ gxf6 17. Qd1 Kh8 18. d4 Ne6 19. d5 Ng7 20. Bh6 f5 21. c4 fxe4
22. Rxe4 Nef5 23. Bxg7+ Nxg7 24. Rh4 f5 25. Rh6 Rf6 26. Ng5 Kg8 27. Rxh7 Qe7
28. Qh5 Nxh5 29. Rxe7 Rc8 30. Ra3 Nf4 31. Ne6 Nxe6 32. dxe6 Kf8 33. Rh7 Re8 34.
Rxc7 Re7 35. Rc8+ Kg7 36. Rg3+ Kh7 37. Rh3+ Kg7 38. Rg3+ Kh7 39. Rh3+ Kg7 40.
Rch8 Rfxe6 41. R3h7+ Kf6 42. Rh6+ Kg5 43. h4+ Kg4 44. Rg8+ Kf4 45. Rxe6 Rxe6
46. Rg7 d5 47. cxd5 Rd6 48. Rxa7 Rxd5 49. Rg7 e4 50. a7 Rd8 51. h5 1-0

[Event "Porto Mannu Open 2009"]
[Site "Palau"]
[Date "2009.05.20"]
[Round "6.8"]
[White "Cmilyte, V. (IM)."]
[Black "Loeffler, S. (IM)."]
[Result "1-0"]
[WhiteElo "2498"]
[BlackElo "2412"]
[PlyCount "67"]
[EventDate "2009.05.16"]

1. d4 Nf6 2. c4 g6 3. g3 c5 4. Nf3 Bg7 5. Nc3 cxd4 6. Nxd4 O-O 7. Bg2 Qc7 8.
Ndb5 Qxc4 9. b3 Qe6 10. O-O Qb6 11. Be3 Qa5 12. Rc1 Nc6 13. a3 d6 14. b4 Qd8
15. h3 Bd7 16. Nd4 Rc8 17. Nf3 b6 18. Qd2 Bf5 19. Nh4 Be6 20. f4 Bc4 21. g4 e6
22. g5 Ne8 23. Nf3 d5 24. Bf2 Nd6 25. Nh2 a5 26. Ng4 axb4 27. axb4 Ra8 28. b5
Nxb5 29. Nxb5 Bxb5 30. Rxc6 Bxc6 31. Bd4 Ra2 32. Qc3 Rc2 33. Nh6+ Bxh6 34. Qxc2
1-0

[Event "Porto Mannu Open 2009"]
[Site "Palau"]
[Date "2009.05.21"]
[Round "7.9"]
[White "Collutiis, Duilio"]
[Black "Antkowiak, Grzegorz"]
[Result "1/2-1/2"]
[WhiteElo "2451"]
[BlackElo "2197"]
[PlyCount "170"]
[EventDate "2009.05.16"]

1. Nf3 c5 2. e4 e6 3. d3 d6 4. g3 Nc6 5. Bg2 g6 6. d4 cxd4 7. Nxd4 a6 8. O-O
Bg7 9. Nb3 Nge7 10. Nc3 O-O 11. Be3 b5 12. f4 Bb7 13. Qd2 Qc7 14. Rad1 Rad8 15.
Qf2 Qb8 16. Bb6 Rc8 17. a3 b4 18. axb4 Nxb4 19. Bd4 Bxd4 20. Rxd4 Ba8 21. Qd2
f5 22. Rxd6 Nxc2 23. Nc1 Ne3 24. Rxe6 Nxf1 25. Bxf1 Qa7+ 26. Qf2 Qd7 27. Rxa6
fxe4 28. Ra7 Qe6 29. Qd4 Nf5 30. Qb4 Qd6 31. Bc4+ Kh8 32. Qxd6 Nxd6 33. Be6
Rce8 34. Bh3 Rf7 35. Ra4 e3 36. N1e2 Ne4 37. Rxa8 Rxa8 38. Nxe4 Rb8 39. Kg2
Rxb2 40. Kf3 Re7 41. N4c3 Rc2 42. Nd5 Re8 43. Nxe3 Ra2 44. Kf2 Kg7 45. Bg2 Rb8
46. Bd5 Rd2 47. Bf3 Ra2 48. h4 Ra3 49. Nc4 Ra4 50. Ne5 Ra3 51. Nc6 Rb6 52. Ncd4
Rb2 53. g4 Ra4 54. Ke3 Rb8 55. f5 Re8+ 56. Kf2 gxf5 57. Nxf5+ Kf6 58. Ne3 Rb8
59. Ng2 Rb3 60. Kg3 Raa3 61. Ne1 Rb1 62. Nc2 Rbb3 63. Ne1 Ra1 64. Nc2 Ra7 65.
Ncd4 Rb2 66. Kf4 Ra4 67. g5+ Kg7 68. Be4 Rd2 69. Nf5+ Kf7 70. Neg3 Rf2+ 71. Ke5
Rd2 72. Nd6+ Kg8 73. Ngf5 Re2 74. h5 Rh2 75. Bd5+ Kf8 76. g6 hxg6 77. hxg6 Rg4
78. Kf6 Rhg2 79. Bf7 Rxg6+ 80. Bxg6 Rxg6+ 81. Kxg6 Kg8 82. Ng7 Kf8 83. Kf6 Kg8
84. Ne6 Kh7 85. Nf4 Kg8 1/2-1/2

[Event "Porto Mannu Open 2009"]
[Site "Palau"]
[Date "2009.05.21"]
[Round "7.11"]
[White "Thorfinnsson, Bjorn"]
[Black "Danieli, Enrico"]
[Result "1-0"]
[WhiteElo "2422"]
[BlackElo "2125"]
[PlyCount "47"]
[EventDate "2009.05.16"]

1. d4 d5 2. c4 e6 3. Nc3 Nf6 4. cxd5 exd5 5. Bg5 Be7 6. e3 c6 7. Bd3 O-O 8.
Nge2 Nbd7 9. Qc2 Re8 10. f3 Nf8 11. Bh4 c5 12. O-O b6 13. Rad1 a6 14. dxc5 Bxc5
15. Bxf6 Qxf6 16. Nxd5 Qe5 17. f4 Bxe3+ 18. Kh1 Qh5 19. Ng3 Qh4 20. Be4 Bc5 21.
Nc7 Bg4 22. Nxa8 Re6 23. Nf5 Qh5 24. Rd5 1-0

[Event "Porto Mannu Open 2009"]
[Site "Palau"]
[Date "2009.05.21"]
[Round "7.15"]
[White "Van Eijk, Sander"]
[Black "Mastroddi, Emiliano"]
[Result "1-0"]
[WhiteElo "2319"]
[BlackElo "2074"]
[PlyCount "81"]
[EventDate "2009.05.16"]

1. e4 c5 2. Nf3 d6 3. d4 cxd4 4. Nxd4 Nf6 5. Nc3 g6 6. Be3 Bg7 7. f3 Nc6 8. Qd2
O-O 9. O-O-O d5 10. Kb1 Nxd4 11. e5 Nf5 12. exf6 Bxf6 13. Nxd5 Qxd5 14. Qxd5
Nxe3 15. Qd3 Nxd1 16. Qxd1 Be6 17. Bd3 Rfd8 18. Qe1 Rd6 19. Qa5 a6 20. h4 Rad8
21. a3 b5 22. h5 Bc4 23. Bxc4 bxc4 24. Qc7 Rd1+ 25. Rxd1 Rxd1+ 26. Ka2 gxh5 27.
Qxc4 a5 28. Qe2 Rd6 29. f4 h4 30. b4 axb4 31. axb4 Rd4 32. Qg4+ Kf8 33. Kb3 e5
34. Qc8+ Kg7 35. fxe5 Bxe5 36. b5 Rd2 37. Qg4+ Kf8 38. Qb4+ Rd6 39. Qxh4 h6 40.
Qe4 Re6 41. c4 1-0

[Event "Porto Mannu Open 2009"]
[Site "Palau"]
[Date "2009.05.21"]
[Round "7.16"]
[White "Slavin, Alexei"]
[Black "Messina, Ottavio"]
[Result "0-1"]
[WhiteElo "2308"]
[BlackElo "2062"]
[PlyCount "122"]
[EventDate "2009.05.16"]

1. d4 d5 2. Nf3 f5 3. Bf4 e6 4. e3 Nf6 5. Bd3 Bd6 6. Nbd2 O-O 7. O-O c6 8. Ne5
Qe7 9. c4 Nbd7 10. Ndf3 g6 11. c5 Bb8 12. b4 Nxe5 13. Nxe5 Nd7 14. Bh6 Re8 15.
Nxd7 Bxd7 16. f4 Bc7 17. a4 Kh8 18. g3 Rg8 19. h4 Qf7 20. Kf2 b6 21. Rh1 Bd8
22. Bg5 Qf8 23. g4 bxc5 24. bxc5 Rb8 25. Ra2 e5 26. Bxd8 Rxd8 27. fxe5 fxg4+
28. Kg2 Qh6 29. Qd2 Rgf8 30. e4 Rf4 31. Kg3 Rdf8 32. exd5 cxd5 33. Rh2 Rf3+ 34.
Kg2 Rf2+ 35. Qxf2 Rxf2+ 36. Rxf2 Qe3 37. Bb5 Bf5 38. Rxf5 gxf5 39. c6 Qxd4 40.
c7 Qc5 41. Kg3 Qxc7 42. Kf4 h5 43. Bd3 Qc3 44. Bb5 g3 45. Re2 Qd4+ 46. Kxg3
Qg4+ 47. Kf2 Qxh4+ 48. Kf1 Qe7 49. e6 Kg7 50. Kg2 Kf6 51. Kf3 d4 52. Kf2 h4 53.
Bc4 h3 54. Bd5 d3 55. Re3 d2 56. Ke2 Qd6 57. Bb3 h2 58. e7 d1=Q+ 59. Bxd1 Qxe7
60. Rxe7 Kxe7 61. Kf2 h1=Q 0-1

[Event "Porto Mannu Open 2009"]
[Site "Palau"]
[Date "2009.05.21"]
[Round "7.17"]
[White "Cori, Jorge"]
[Black "Ambrosanio, Raffaele"]
[Result "1-0"]
[WhiteElo "2418"]
[BlackElo "1957"]
[PlyCount "105"]
[EventDate "2009.05.16"]

1. e4 d6 2. d4 Nf6 3. Nc3 g6 4. f3 c6 5. Be3 Qb6 6. b3 Bg7 7. Qd2 Qc7 8. Bd3
Nbd7 9. Nge2 b6 10. a4 Bb7 11. O-O O-O 12. Bh6 e5 13. Bxg7 Kxg7 14. f4 Rac8 15.
Rac1 a6 16. dxe5 dxe5 17. f5 Rh8 18. Ng3 Qd6 19. Kh1 Rcg8 20. Rf3 Kf8 21. Rcf1
g5 22. Rd1 h5 23. Rff1 h4 24. Nge2 Ke7 25. Qe3 Qc5 26. Qxc5+ Nxc5 27. b4 Ncd7
28. Rb1 h3 29. g3 Rd8 30. Kg1 Nf8 31. Nd1 N8h7 32. Ne3 b5 33. g4 Nf8 34. Kf2
N8d7 35. Rfd1 Nb6 36. a5 Nc4 37. Bxc4 bxc4 38. Kf3 Rxd1 39. Nxd1 Rb8 40. Ng3 c5
41. Nc3 cxb4 42. Rxb4 Bxe4+ 43. Ngxe4 Rxb4 44. Nxf6 Rb2 45. Nfd5+ Kd6 46. Ne3
Rb4 47. Ne4+ Kc6 48. Nxg5 Rb7 49. Nxc4 Kd5 50. Ne3+ Kd4 51. f6 Rc7 52. Ne4 Rc8
53. Ng5 1-0

[Event "Porto Mannu Open 2009"]
[Site "Palau"]
[Date "2009.05.21"]
[Round "7.20"]
[White "Buratti, Marco"]
[Black "Gohil, Harry"]
[Result "0-1"]
[WhiteElo "2037"]
[BlackElo "2334"]
[PlyCount "104"]
[EventDate "2009.05.16"]

1. e4 c5 2. Nc3 Nc6 3. Bc4 e6 4. d3 a6 5. a4 g6 6. Nge2 Nge7 7. Bg5 Bg7 8. f4
f6 9. Bh4 d5 10. Ba2 Nb4 11. Bb3 Qc7 12. a5 c4 13. Ba4+ Kf7 14. Bf2 cxd3 15.
cxd3 Nec6 16. Bb6 Qd6 17. O-O f5 18. Bb3 Bd7 19. Na4 Rae8 20. Qd2 dxe4 21. d4
Nd3 22. Qe3 Ncb4 23. Nc5 Nxc5 24. Bxc5 Nd5 25. Qh3 Qc7 26. Bxd5 exd5 27. Rfc1
Bb5 28. Bb6 Qd6 29. Rc7+ Re7 30. Rxe7+ Qxe7 31. Rc1 Bc6 32. Qb3 Re8 33. Nc3 Qd6
34. g3 Kg8 35. Re1 Bh6 36. Bc5 Qe6 37. Nd1 g5 38. Qe3 Qg6 39. Kf2 Kh8 40. Rg1
Rg8 41. fxg5 Bxg5 42. Qa3 f4 43. Bd6 Bf6 44. Bxf4 Bxd4+ 45. Ne3 Qf6 46. b4 Be5
47. Ng2 d4 48. Ke2 Bb5+ 49. Kd1 e3 50. Bxe5 Qxe5 51. Ne1 d3 52. Nf3 Qf6 0-1

[Event "Porto Mannu Open 2009"]
[Site "Palau"]
[Date "2009.05.21"]
[Round "7.21"]
[White "Salzano, Guido"]
[Black "Glienke, Manfred"]
[Result "0-1"]
[WhiteElo "1984"]
[BlackElo "2318"]
[PlyCount "42"]
[EventDate "2009.05.16"]

1. e4 c5 2. Nc3 Nc6 3. g3 g6 4. Bg2 Bg7 5. d3 Rb8 6. Be3 d6 7. f4 Bd7 8. Nf3
Nd4 9. O-O $2 b5 10. Qd2 b4 11. Nd1 e6 12. c3 Nxf3+ 13. Bxf3 Ne7 14. d4 bxc3
15. Nxc3 cxd4 16. Bxd4 Bxd4+ 17. Qxd4 Qb6 18. Qxb6 Rxb6 19. b3 O-O 20. Rac1 Rc8
21. Nd5 exd5 0-1

[Event "Porto Mannu Open 2009"]
[Site "Palau"]
[Date "2009.05.21"]
[Round "7.24"]
[White "Astengo, Corrado"]
[Black "Sorbelli, Massimo"]
[Result "1/2-1/2"]
[WhiteElo "2208"]
[BlackElo "1919"]
[PlyCount "43"]
[EventDate "2009.05.16"]

1. e4 e5 2. Nf3 Nc6 3. Bc4 Be7 4. O-O $2 Nf6 5. d4 d6 6. d5 Nb8 7. Qe2 O-O $2
8. Nc3 c6 9. dxc6 bxc6 10. h3 a5 11. Rd1 Qc7 12. Bb3 Ba6 13. Bc4 Bxc4 14. Qxc4
Nbd7 15. Nh4 Nb6 16. Qd3 g6 17. Bh6 Rfd8 18. Qf3 d5 19. Nf5 d4 20. Ne2 a4 21.
b3 c5 22. Nxe7+ 1/2-1/2

[Event "Porto Mannu Open 2009"]
[Site "Palau"]
[Date "2009.05.21"]
[Round "7.25"]
[White "Fernandez Vazquez, Jorge"]
[Black "Hein, Erwin"]
[Result "1/2-1/2"]
[WhiteElo "1810"]
[BlackElo "2180"]
[PlyCount "75"]
[EventDate "2009.05.16"]

1. d4 Nf6 2. c4 e6 3. Nc3 d5 4. cxd5 exd5 5. Bg5 c6 6. Qc2 Be7 7. e3 Nbd7 8.
Bd3 Nf8 9. Nf3 Bg4 10. Ne5 Bh5 11. Rb1 N6d7 12. Bxe7 Qxe7 13. Nxd7 Nxd7 14. O-O
$2 Bg6 15. b4 a6 16. Na4 O-O $2 17. Nc5 Nb6 18. Bxg6 hxg6 19. a4 Nc4 20. Qc3 b6
21. Nd3 Rfc8 22. a5 Rab8 23. axb6 Rxb6 24. Ra1 Rcb8 25. Nc5 Rxb4 26. Rxa6 R4b6
27. Rxb6 Rxb6 28. h3 f5 29. Ra1 Kh7 30. Ra6 Rxa6 31. Nxa6 Qb7 32. Nb4 Qb5 33.
Kh2 Qa4 34. f3 Nxe3 35. Qe1 f4 36. Qh4+ Kg8 37. Qd8+ Kh7 38. Qh4+ 1/2-1/2

[Event "Porto Mannu Open 2009"]
[Site "Palau"]
[Date "2009.05.21"]
[Round "7.27"]
[White "Byron, Alan"]
[Black "Marras, Giuseppe"]
[Result "1-0"]
[WhiteElo "2168"]
[BlackElo "1807"]
[PlyCount "81"]
[EventDate "2009.05.16"]

1. c4 Nf6 2. Nc3 g6 3. g3 Bg7 4. Bg2 O-O 5. e4 d6 6. Nge2 e5 7. d3 c6 8. O-O
Nbd7 9. Rb1 Rb8 10. b4 a6 11. a4 b5 12. axb5 axb5 13. cxb5 cxb5 14. Ra1 Ne8 15.
Ra5 Nc7 16. Be3 Nf6 17. f4 Bh6 18. Kh1 Ng4 19. Bg1 f5 20. h3 exf4 21. hxg4 fxg3
22. Nxg3 Qh4+ 23. Bh2 f4 24. Nge2 Bxg4 25. Bf3 Bh3 26. Qe1 Qf6 27. Rg1 Bg5 28.
Qd2 h6 29. Ra7 Ne6 30. Nd5 Qd8 31. Qb2 Rf7 32. Rxf7 Kxf7 33. Ra1 Ra8 34. Rxa8
Qxa8 35. Ng1 Bf1 36. Qb1 Bxd3 37. Qxd3 Qa4 38. Qc3 Bd8 39. Bg4 Ng5 40. Qc8 Nxe4
41. Qd7+ 1-0

[Event "Porto Mannu Open 2009"]
[Site "Palau"]
[Date "2009.05.21"]
[Round "7.28"]
[White "Pospisil, Evzen"]
[Black "Deiana, Giacomo"]
[Result "1-0"]
[WhiteElo "2145"]
[BlackElo "1724"]
[PlyCount "81"]
[EventDate "2009.05.16"]

1. d4 Nf6 2. Nf3 g6 3. Nc3 Bg7 4. e4 d6 5. Be3 O-O 6. Qd2 Ng4 7. Bg5 h6 8. Bh4
c5 9. O-O-O Nc6 10. dxc5 dxc5 11. Qxd8 Rxd8 12. Rxd8+ Nxd8 13. Nd5 Nc6 14. Bb5
Be6 15. Nc7 Rc8 16. Nxe6 fxe6 17. h3 Nge5 18. Nxe5 Bxe5 19. Bxc6 Rxc6 20. Bxe7
Kf7 21. Bd8 Ke8 22. Rd1 Bd4 23. Bh4 Rd6 24. c3 Be5 25. Rxd6 Bxd6 26. f3 b5 27.
Bf2 a6 28. b3 h5 29. Kd2 Kd7 30. Kd3 Kc6 31. c4 Be7 32. f4 Bd6 33. e5 Be7 34.
g4 Kd7 35. Ke4 hxg4 36. hxg4 Ke8 37. f5 bxc4 38. bxc4 gxf5+ 39. gxf5 exf5+ 40.
Kxf5 Kd7 41. Be3 1-0